Occurrence of polyhydroxyalkanoates (PHA) in bactera isolated from an integrated-farming pond and palm oil mill effluent ponds /
Saved in:
| Main Author: | |
|---|---|
| Format: | Thesis Book |
| Language: | English |
| Published: |
1996.
|
| Subjects: | |
| Tags: |
Add Tag
No Tags, Be the first to tag this record!
|
| LEADER | 01206cam a2200289 a 4500 | ||
|---|---|---|---|
| 001 | u403144 | ||
| 003 | SIRSI | ||
| 008 | 790926s1996 my a t 00 11 eng m | ||
| 035 | |a ACB-3219 | ||
| 040 | |a UMM | ||
| 090 | |a QR92 |b P59Ghur | ||
| 091 | |a Microfiche 14713 | ||
| 100 | 0 | 0 | |a Ghufran Redzwan |
| 245 | 1 | 0 | |a Occurrence of polyhydroxyalkanoates (PHA) in bactera isolated from an integrated-farming pond and palm oil mill effluent ponds / |c by Ghufran Redzwan. |
| 260 | 0 | |c 1996. | |
| 300 | |a xiv, 143 leaves ; |b ill., (some col.) ; |c 30 cm. | ||
| 500 | |a Microfiche. Kuala Lumpur : University of Malaya Library, 2000. 2 fiches : negative ; 11 x 15 cm. | ||
| 502 | |a Dissertation (M.Phil.) -- Institut Pengajian Tinggi, Universiti Malaya, 1996. | ||
| 504 | |a Bibliography : leaves 114-121 | ||
| 650 | 0 | |a Microbial polymers. | |
| 650 | 0 | |a Plastics |x Microbiology. | |
| 650 | 0 | |a Poly-beta-hydroxyalkanoates. | |
| 710 | 2 | 0 | |a Universiti Malaya. |b Institut Pengajian Tinggi. |
| 948 | |a 24/09/1996 |b 24/09/2003 | ||
| 596 | |a 1 | ||
| 999 | |a QR92 P59GHU |w LC |c 1 |i A505601370 |d 23/1/2015 |e 23/1/2015 |l STACKS |m P01UTAMA |n 1 |r Y |s Y |t TESIS |u 25/9/1996 | ||
| 999 | |a QR92 P59GHUR |w LC |c 1 |i A506002560 |l STACKS |m P01UTAMA |r Y |s Y |t TESIS |u 25/9/1996 | ||
